skbl

Dr Suryya Kumar Bhuyan Library Web-OPAC
ডঃ সূৰ্য্য
কুমাৰ ভূঞা পুথিভঁৰাল ৱেব-অ'পেক

All Research Scholars are advised to clear the annual library fees to continue using Library Resources, Remote Access, Plagiarism Test and Library Clearance.

Cotton University Book Fair 2026

Principles of Plant Breeding / (Record no. 7984)

MARC details
000 -LEADER
fixed length control field 00679nam a2200265Ia 4500
001 - CONTROL NUMBER
control field 7997
005 - DATE AND TIME OF LATEST TRANSACTION
control field 20240113234045.0
007 - PHYSICAL DESCRIPTION FIXED FIELD--GENERAL INFORMATION
fixed length control field ta
008 - FIXED-LENGTH DATA ELEMENTS--GENERAL INFORMATION
fixed length control field 170602s 196 ii a g b000 u 465 u
020 ## - INTERNATIONAL STANDARD BOOK NUMBER
Terms of availability HB
040 ## - CATALOGING SOURCE
Original cataloging agency Cotton College,Assam
041 ## - LANGUAGE CODE
Language code of text/sound track or separate title eng
082 ## - DEWEY DECIMAL CLASSIFICATION NUMBER
Classification number 581.87
Item number Al 52 Pr
100 ## - MAIN ENTRY--PERSONAL NAME
Personal name Allard, R.W. .
245 #0 - TITLE STATEMENT
Title Principles of Plant Breeding /
Statement of responsibility, etc. R.W. Allard.
Medium Textual Documents
260 ## - PUBLICATION, DISTRIBUTION, ETC.
Place of publication, distribution, etc. New York :
Name of publisher, distributor, etc. John Wiley & Sons ,
Date of publication, distribution, etc. C 1960.
300 ## - PHYSICAL DESCRIPTION
Extent xi, 485p. :
Other physical details ill ;
Dimensions 21cm. .
504 ## - BIBLIOGRAPHY, ETC. NOTE
Bibliography, etc. note Index
653 ## - INDEX TERM--UNCONTROLLED
Uncontrolled term Botany
653 ## - INDEX TERM--UNCONTROLLED
Uncontrolled term Plant Breeding
653 ## - INDEX TERM--UNCONTROLLED
Uncontrolled term Breeding, Plant
942 ## - ADDED ENTRY ELEMENTS (KOHA)
Source of classification or shelving scheme Dewey Decimal Classification
Koha item type Books
Holdings
Withdrawn status Lost status Damaged status Not for loan Home library Current library Date acquired Coded location qualifier Total checkouts Full call number Barcode Date last seen Date last checked out Copy number Price effective from Koha item type
        Dr. Suryya Kumar Bhuyan Library Dr. Suryya Kumar Bhuyan Library 01/02/2012 00000 1 581.87 Al 52 Pr 61281 01/07/2025 20/05/2025 1 01/02/2012 Books

Designed and Maintained by Team SKBL
©1901-2026

Powered by Koha